Carta del R.P. General a la provincia del Perú /

Gardado en:
Detalles Bibliográficos
Autor Corporativo: Compañía de Jesús. Prepósito General (1965-1983 : Arrupe)
Outros autores: Arrupe, Pedro (autor) (autor)
Formato: Libro
Idioma:Lingua castelá
Temas:
Etiquetas: Engadir etiqueta
Sen Etiquetas, Sexa o primeiro en etiquetar este rexistro!

MARC

LEADER 00000nam^a2200000^a^4500
001 000302358
005 20250521000000.0
009 20260310112611.778
025 |a Donación Jesús Vergara Aceves, 1 ejemplar 
037 |a Acervo Xavier Clavigero 
041 |a ESP 
082 |a 255. 53  |b COM ARR 1978 
110 |a Compañía de Jesús.  |b Prepósito General (1965-1983 : Arrupe) 
245 1 0 |a Carta del R.P. General a la provincia del Perú /  |c P. Arrupe. 
264 |a Lima, Perú :  |b Centro de Proyección Cristiana,  |c 1978 
300 |a 12 p. 
336 |a texto  |b txt  |2 rdacontenido 
337 |a sin mediación  |b n  |2 rdamedio 
338 |a volumen  |b nc  |2 rdasoporte 
649 |a XX 
650 |a Jesuitas en Perú -  |x Tema Principal 
650 |a Monasticismo y Ordenes Religiosas -  |z Perú 
650 |a Cartas Españolas 
650 |a Teología Pastoral -  |z Perú 
650 |a Iglesia Católica en Perú 
650 |a Catolicismo -  |z Perú 
650 |a Cristianismo -  |z Perú 
650 |a Religión -  |z Perú 
700 |a Arrupe, Pedro  |e (autor) 
910 |a Fondo Jesús Vergara Aceves S.J. 
920 |a Impresos - Libros 
930 |a Fondos Especiales 
940 |a Jesuitas 
905 |a 119 
901 |a 0500188332  |b IT2  |c ESP  |i D  |u 20250521 
901 |a 0500188330  |b IT2  |c ESP  |i D  |u 20250521 
902 |a https://opac.biblio.iteso.mx/vufind/Record/000302358